Organizational behavior in sport management (Record no. 394125)

MARC details
000 -LEADER
fixed length control field 00589 a2200217 4500
005 - DATE & TIME
control field 20260116153109.0
008 - FIXED-LENGTH DATA ELEMENTS--GENERAL INFORMATION
fixed length control field 260114b |||||||| |||| 00| 0 eng d
020 ## - ISBN
International Standard Book Number 9781718215689
Price $ 94.00
040 ## - CATALOGING SOURCE
Original cataloging agency VIVEKANANDA LIBRARY
082 ## - DDC NUMBER
Classification number 796.069
Book Number M119O(2)
100 ## - MAIN ENTRY--PERSONAL NAME
Personal name MacIntosh, Eric W
245 ## - TITLE STATEMENT
Title Organizational behavior in sport management
250 ## - EDITION STATEMENT
Edition statement 2nd
260 ## - PUBLICATION, DISTRIBUTION, ETC. (IMPRINT)
Name of publisher, distributor, etc Human Kinetics
Date of publication, distribution, etc 2025
Place of publication, distribution, etc Champaign
300 ## - PHYSICAL DESCRIPTION
Pages xiii, 255
650 ## - Subject
Subject Physical Eduction
650 ## - Subject
Subject Organizational Behavior
650 ## - Subject
Subject Sports Administration
700 ## - Added Entry Personal Name
Added Entry Personal Name Burton, Laura J
942 ## - ADDED ENTRY ELEMENTS (KOHA)
Koha item type Books
Holdings
Withdrawn status Lost status Source of classification or shelving scheme Damaged status Not for loan Location (home branch) Sublocation or collection (holding branch) Shelving location Date acquired Koha issues (times borrowed) Koha full call number Accession No. Koha date last seen Koha item type
    Dewey Decimal Classification     VIVEKANANDA LIBRARY VIVEKANANDA LIBRARY Vivekananda Library 12/12/2025   796.069 M119O(2) 443606 12/12/2025 Books
© Designed and Maintained by Vivekananda Library, MDU Rohtak